000 00542nam a22001937a 4500
003 MPLRDC
005 20220104184731.0
008 210129b ||||| |||| 00| 0 eng d
020 _a4717702065263
082 _a952.9 WJL
100 _a王嘉麟总编辑
245 _a这时怎么拍才漂亮. 3
_c
250 _a初版一刷
260 _a台湾
_b城邦文化事业股份有限公司
_c2009
300 _b
490 _aDIGI PHOTO摄影技巧系列. 11
650 _a摄影技术、方法--彩色摄影
942 _cBK
_o952.9 WJL
999 _c63009
_d62999